[Event "40th Olympiad Open"]
[Site "Istanbul TUR"]
[Date "2012.09.07"]
[Round "10.4"]
[White "Radjabov, Teimour"]
[Black "Ivanchuk, Vassily"]
[Result "1/2-1/2"]
[WhiteTitle "GM"]
[BlackTitle "GM"]
[WhiteElo "2788"]
[BlackElo "2769"]
[WhiteTeam "Azerbaijan"]
[BlackTeam "Ukraine"]
[WhiteFideId "13400924"]
[BlackFideId "14100010"]
[EventDate "2012.08.28"]

1. Nf3 Nf6 2. c4 g6 3. Nc3 d5 4. cxd5 Nxd5 5. g3 Bg7 6. Bg2 O-O 7. O-O c5 8.
Nxd5 Qxd5 9. d3 Nc6 10. Be3 Bd7 11. Nd4 Qd6 12. Nxc6 Bxc6 13. Bxc6 Qxc6 14. Rc1
Qa6 15. Rxc5 b6 16. Rc4 Qxa2 17. Rb4 Rfc8 18. Qa1 Qd5 19. Qa4 h5 20. Rc1 Rxc1+
21. Bxc1 Rc8 22. Be3 Bf6 23. h4 Rc7 24. Kh2 Qc6 25. b3 Bc3 26. Qxc6 Rxc6 27. Ra4
Rc7 28. Kg2 Kf8 29. Kf3 Ke8 30. g4 hxg4+ 31. Ke4 1/2-1/2

[Event "40th Olympiad Open"]
[Site "Istanbul TUR"]
[Date "2012.09.07"]
[Round "10.5"]
[White "Macieja, Bartlomiej"]
[Black "Babula, Vlastimil"]
[Result "1-0"]
[WhiteTitle "GM"]
[BlackTitle "GM"]
[WhiteElo "2594"]
[BlackElo "2595"]
[WhiteTeam "Poland"]
[BlackTeam "Czech Republic"]
[WhiteFideId "1104306"]
[BlackFideId "301264"]
[EventDate "2012.08.28"]

1. e4 d6 2. d4 Nf6 3. f3 c5 4. d5 e6 5. c4 exd5 6. cxd5 g6 7. Ne2 Bg7 8. Nec3
O-O 9. Bg5 Nbd7 10. Be2 a6 11. a4 h6 12. Be3 Ne5 13. Qd2 g5 14. h4 Nh7 15. hxg5
hxg5 16. g3 Re8 17. Qc2 Nf8 18. Nd2 Nfg6 19. a5 Bd7 20. Rh5 Bf6 21. O-O-O Rb8
22. Rdh1 b5 23. axb6 Rxb6 24. Rh6 Bg7 25. Rh7 Rb4 26. f4 Ng4 27. Bxg4 Bxg4 28.
e5 Qa5 29. Nde4 dxe5 30. Bxc5 Qa1+ 31. Kd2 Qxb2 32. Bxb4 Qxb4 33. fxg5 Bf3 34.
Rxg7+ Kxg7 35. Rf1 Bxe4 36. Qxe4 Qd4+ 37. Kc2 Re7 38. Qf5 Rb7 39. Qf6+ Kg8 40.
Qd8+ Kg7 41. Qf6+ Kg8 42. Qc6 Qb6 43. Qxb6 Rxb6 44. Ne4 Kf8 45. d6 Ke8 46. Kd3
Nf8 47. Rc1 Ne6 48. Rc8+ Kd7 49. Ra8 Rb4 50. Ra7+ Kd8 51. Ra8+ Kd7 52. Ra7+ Kd8
53. Ke3 Rb3+ 54. Kf2 Rb2+ 55. Kf3 Rb3+ 56. Kg4 Rb4 57. Ra8+ Kd7 58. Kf5 Nd4+ 59.
Kxe5 Nc6+ 60. Kf5 a5 61. Rf8 Rb5+ 62. Kf4 Ne5 63. Ra8 Ng6+ 64. Ke3 Ke6 65. Ra7
Rb3+ 66. Kf2 Rb2+ 67. Ke3 Rb3+ 68. Kd2 Rb5 69. d7 Rd5+ 70. Ke3 Nf8 71. Nf6 Rd6
72. Ne4 Rd5 73. Nf6 Rd1 74. Ra6+ Ke7 75. Rxa5 Nxd7 76. Ra7 Ke6 77. Nxd7 Rxd7 78.
Rxd7 Kxd7 79. Kf4 Ke6 80. Ke4 1-0

[Event "40th Olympiad Open"]
[Site "Istanbul TUR"]
[Date "2012.09.07"]
[Round "10.7"]
[White "Meier, Georg"]
[Black "Zhigalko, Andrey"]
[Result "1/2-1/2"]
[WhiteTitle "GM"]
[BlackTitle "GM"]
[WhiteElo "2648"]
[BlackElo "2582"]
[WhiteTeam "Germany"]
[BlackTeam "Belarus"]
[WhiteFideId "4675789"]
[BlackFideId "13502247"]
[EventDate "2012.08.28"]

1. Nf3 c5 2. c4 Nf6 3. Nc3 e6 4. g3 b6 5. Bg2 Bb7 6. O-O Be7 7. Re1 d5 8. cxd5
Nxd5 9. d4 cxd4 10. Qa4+ Qd7 11. Qxd7+ Nxd7 12. Nxd4 N7f6 13. Bg5 h6 14. Bxf6
Bxf6 15. Nxd5 Bxd5 16. e4 Bxd4 17. exd5 O-O 18. dxe6 fxe6 19. Re2 Rad8 20. Rc1
Rc8 21. Rd1 e5 22. h4 g5 23. hxg5 hxg5 24. Be4 Rf6 25. Kg2 g4 26. Rdd2 Kg7 27.
Rc2 Rxc2 28. Rxc2 a5 29. a3 Bc5 30. Bb7 Kh6 31. Bc8 Kg5 32. Re2 Bd4 33. b4 axb4
34. axb4 Rc6 35. Bd7 Rc7 36. Be6 Rc6 37. Bd5 Rc1 38. b5 Rb1 39. Bc6 Rb2 40. Rxb2
Bxb2 1/2-1/2

[Event "40th Olympiad Open"]
[Site "Istanbul TUR"]
[Date "2012.09.07"]
[Round "10.7"]
[White "Gustafsson, Jan"]
[Black "Stupak, Kirill"]
[Result "1-0"]
[WhiteTitle "GM"]
[BlackTitle "GM"]
[WhiteElo "2610"]
[BlackElo "2523"]
[WhiteTeam "Germany"]
[BlackTeam "Belarus"]
[WhiteFideId "4625498"]
[BlackFideId "13503758"]
[EventDate "2012.08.28"]

1. d4 e6 2. c4 Bb4+ 3. Nd2 d5 4. Nf3 Nf6 5. Qa4+ Nc6 6. a3 Bxd2+ 7. Bxd2 Ne4 8.
Rd1 Nxd2 9. Rxd2 O-O 10. e3 Ne7 11. Bd3 b6 12. cxd5 exd5 13. O-O Qd6 14. Rc1 c6
15. b4 Bd7 16. Ne5 Be8 17. Bb1 g6 18. Qb3 Kg7 19. a4 f6 20. Nf3 Bd7 21. Bd3 a5
22. bxa5 Rxa5 23. Qxb6 Rxa4 24. Rb2 Raa8 25. Rcb1 Ra3 26. Rb3 Rxb3 27. Qxb3 Ra8
28. Qc2 Rb8 29. Ra1 Qb4 30. Nd2 Kf7 31. Rb1 Qd6 32. Nb3 Bf5 33. Bxf5 Nxf5 34.
Ra1 Ne7 35. Nc5 Nc8 36. g3 Kg7 37. Kg2 Kf7 38. Ra6 Rb6 39. Rxb6 Nxb6 40. Nb7 Qe7
41. Na5 f5 42. Nxc6 Qe4+ 43. Qxe4 fxe4 44. h4 Nc4 45. Nb4 Ke6 46. g4 h6 47. Na2
Nd2 48. Nc3 Nf3 49. Kg3 g5 50. h5 Kd6 51. Ne2 Ke6 52. Kh3 Kf6 53. Ng3 Nh4 54.
Kh2 Ke6 55. Kh1 Kd7 56. f3 exf3 57. Kg1 Kd6 58. Kf1 Kd7 59. Kf2 Kc6 60. Nf1 Kb5
61. Ng3 Kc6 62. Nf1 Kb5 63. Nd2 Kb4 64. e4 dxe4 65. Nxe4 Kc4 66. Ke3 Ng2+ 67.
Kxf3 Ne1+ 68. Kg3 Kxd4 69. Nxg5 Ke5 70. Nf7+ Kf6 71. Nxh6 Nd3 72. Kh4 Ne5 73.
g5+ Ke6 74. Kg3 Nd7 75. Kf4 Ne5 76. Ng4 Nd3+ 77. Ke4 1-0

[Event "40th Olympiad Open"]
[Site "Istanbul TUR"]
[Date "2012.09.07"]
[Round "10.8"]
[White "Nguyen, Ngoc Truong Son"]
[Black "Barbosa, Oliver"]
[Result "1/2-1/2"]
[WhiteTitle "GM"]
[BlackTitle "GM"]
[WhiteElo "2639"]
[BlackElo "2554"]
[WhiteTeam "Vietnam"]
[BlackTeam "Philippines"]
[WhiteFideId "12401110"]
[BlackFideId "5201640"]
[EventDate "2012.08.28"]

1. d4 d5 2. c4 c6 3. Nf3 Nf6 4. Nc3 dxc4 5. a4 e6 6. e4 Bb4 7. Bg5 h6 8. Bxf6
Qxf6 9. Bxc4 c5 10. O-O O-O 11. e5 Qd8 12. Qe2 cxd4 13. Rfd1 Nc6 14. Qe4 Bd7 15.
Bd3 g6 16. Ne2 Bc5 17. Qg4 Ne7 18. Nf4 Bc6 19. Nh4 Kh8 20. Rac1 Bb6 21. Nfxg6+
fxg6 22. Nxg6+ Nxg6 23. Qxg6 Qe7 24. Qxh6+ Kg8 25. Qg6+ Kh8 26. Qh5+ Kg8 27.
Qg4+ Kh8 28. Qh3+ Kg8 29. Qg4+ Kh8 30. Qh5+ Kg8 1/2-1/2

[Event "40th Olympiad Open"]
[Site "Istanbul TUR"]
[Date "2012.09.07"]
[Round "10.8"]
[White "Torre, Eugenio"]
[Black "Nguyen, Van Huy"]
[Result "1/2-1/2"]
[WhiteTitle "GM"]
[BlackTitle "IM"]
[WhiteElo "2469"]
[BlackElo "2506"]
[WhiteTeam "Philippines"]
[BlackTeam "Vietnam"]
[WhiteFideId "5200016"]
[BlackFideId "12401064"]
[EventDate "2012.08.28"]

1. d4 Nf6 2. Nf3 d5 3. Bf4 c5 4. e3 Nc6 5. dxc5 e6 6. c4 Bxc5 7. Nc3 O-O 8. Be2
dxc4 9. Bxc4 a6 10. O-O b5 11. Bd3 Nb4 12. Be2 Bb7 13. a4 bxa4 14. Nxa4 Be7 15.
Ne5 Qd5 16. Qxd5 Nbxd5 17. Bf3 Rac8 18. Bg3 Rc2 19. Rfd1 Ba8 20. Nd3 Nb4 21.
Nxb4 Bxb4 22. Bxa8 Rxa8 23. Rac1 Rxc1 24. Rxc1 Rd8 25. Bh4 h6 26. Bxf6 gxf6 27.
Nb6 f5 28. Kf1 Rb8 29. Nc4 Be7 30. Ke2 Bf6 31. Rc2 h5 32. g3 a5 33. Kd1 a4 34.
Kc1 Rb3 35. h4 Kg7 36. Nd2 Rd3 37. Nc4 Rb3 38. Nd2 Rd3 39. Kd1 a3 40. bxa3 Rxa3
41. Ke2 Rc3 42. Ra2 Rc7 43. Nf3 Rb7 44. Kf1 Rc7 45. Kg2 Rb7 46. Ng1 Be5 47. Ra5
Bc7 48. Rc5 Bd6 49. Rc6 Be5 50. Nh3 Bb8 51. Rc8 Be5 52. Re8 Bd6 53. Ra8 Be5 54.
Ra4 Bd6 1/2-1/2

[Event "40th Olympiad Open"]
[Site "Istanbul TUR"]
[Date "2012.09.07"]
[Round "10.8"]
[White "Nguyen, Duc Hoa"]
[Black "Paragua, Mark"]
[Result "1/2-1/2"]
[WhiteTitle "IM"]
[BlackTitle "GM"]
[WhiteElo "2505"]
[BlackElo "2508"]
[WhiteTeam "Vietnam"]
[BlackTeam "Philippines"]
[WhiteFideId "12401358"]
[BlackFideId "5201241"]
[EventDate "2012.08.28"]

1. d4 Nf6 2. Nf3 g6 3. g3 Bg7 4. Bg2 O-O 5. O-O d6 6. c4 Nbd7 7. Nc3 e5 8. e4
exd4 9. Nxd4 Re8 10. h3 Nc5 11. Re1 Bd7 12. Bf4 h6 13. Rb1 a5 14. b3 Nh7 15. Qd2
Ng5 16. h4 Bxd4 17. hxg5 hxg5 18. Qxd4 Ne6 19. Bxg5 Qxg5 20. Qe3 Qxe3 21. Rxe3
f6 22. f4 Kg7 23. e5 fxe5 24. fxe5 Nd4 25. Bxb7 Rab8 26. e6 Bxe6 27. Bg2 Nc2 28.
Re2 Bf5 29. Rd1 Rxe2 30. Nxe2 a4 31. bxa4 Rb2 32. Bf3 Ne3 33. Rd4 Rxa2 34. Kf2
Ra3 35. g4 c5 36. Rxd6 Nxg4+ 37. Bxg4 Bxg4 38. Nc1 Bf5 39. Rc6 Rc3 40. Ne2 Rxc4
41. a5 Bg4 42. Ke3 g5 43. Kd3 Bxe2+ 44. Kxe2 g4 45. Kf2 Rc3 46. a6 Ra3 1/2-1/2

[Event "40th Olympiad Open"]
[Site "Istanbul TUR"]
[Date "2012.09.07"]
[Round "10.9"]
[White "Bacallao Alonso, Yusnel"]
[Black "Gupta, Abhijeet"]
[Result "0-1"]
[WhiteTitle "IM"]
[BlackTitle "GM"]
[WhiteElo "2583"]
[BlackElo "2637"]
[WhiteTeam "Cuba"]
[BlackTeam "India"]
[WhiteFideId "3507416"]
[BlackFideId "5010608"]
[EventDate "2012.08.28"]

1. d4 Nf6 2. c4 g6 3. Nc3 d5 4. Bg5 Ne4 5. Bh4 Nxc3 6. bxc3 dxc4 7. e3 Be6 8.
Qb1 c5 9. Qxb7 Bd5 10. Qb5+ Nd7 11. Nf3 Rb8 12. Qa4 cxd4 13. cxd4 Qc8 14. Ne5
Qb7 15. Bxc4 Bxc4 16. Qxc4 Nxe5 17. dxe5 Bg7 18. O-O Bxe5 19. Bg3 Bxg3 20. hxg3
O-O 21. Rac1 Rfc8 22. Qa4 Rxc1 23. Rxc1 Qb2 24. Qc2 a5 25. Qc7 a4 26. Rd1 Rb7
27. Qc6 a3 28. g4 Kg7 29. g5 Rb5 30. Rd5 Rb8 31. Qc7 Rb7 32. Qc5 Qxa2 33. Qd4+
f6 34. gxf6+ exf6 35. Rd6 Qb1+ 36. Kh2 Qf5 37. e4 Qh5+ 38. Kg3 Qg5+ 39. Kh3 Rb1
40. g4 Rb4 0-1

[Event "40th Olympiad Open"]
[Site "Istanbul TUR"]
[Date "2012.09.07"]
[Round "10.10"]
[White "Gelfand, Boris"]
[Black "Mchedlishvili, Mikheil"]
[Result "1/2-1/2"]
[WhiteTitle "GM"]
[BlackTitle "GM"]
[WhiteElo "2738"]
[BlackElo "2659"]
[WhiteTeam "Israel"]
[BlackTeam "Georgia"]
[WhiteFideId "2805677"]
[BlackFideId "13600966"]
[EventDate "2012.08.28"]

1. d4 Nf6 2. c4 e6 3. Nc3 Bb4 4. e3 c5 5. Ne2 cxd4 6. exd4 d5 7. a3 Be7 8. Nf4
dxc4 9. Bxc4 O-O 10. O-O Nc6 11. Be3 Bd6 12. Nh5 Nd5 13. Ba2 Nxc3 14. bxc3 e5
15. Qd2 exd4 16. cxd4 Qa5 17. Qe2 Bf5 18. Qf3 Bg6 19. Nf4 Bf5 20. Nh5 Bg6 21.
Nf4 Bf5 22. Nh5 1/2-1/2

[Event "40th Olympiad Open"]
[Site "Istanbul TUR"]
[Date "2012.09.07"]
[Round "10.10"]
[White "Shanava, Konstantine"]
[Black "Avrukh, Boris"]
[Result "1-0"]
[WhiteTitle "GM"]
[BlackTitle "GM"]
[WhiteElo "2569"]
[BlackElo "2605"]
[WhiteTeam "Georgia"]
[BlackTeam "Israel"]
[WhiteFideId "13601784"]
[BlackFideId "2803895"]
[EventDate "2012.08.28"]

1. e4 e5 2. Bc4 Nf6 3. Nc3 c6 4. d4 Bb4 5. dxe5 Nxe4 6. Qd4 d5 7. exd6 O-O 8.
Ne2 Nxc3 9. Nxc3 Bxd6 10. Be3 Qc7 11. O-O-O Be5 12. Qh4 Bf5 13. Ne4 Nd7 14. f4
Bxb2+ 15. Kxb2 Bxe4 16. Bd4 Nb6 17. Bb3 c5 18. Be5 Qc8 19. Rhe1 Bg6 20. g4 c4
21. f5 cxb3 22. axb3 Bxf5 23. gxf5 Qxf5 24. Bc3 f6 25. Rg1 Kh8 26. Rdf1 Qe6 27.
Rxg7 Kxg7 28. Qg5+ Kf7 29. Rxf6+ Qxf6 30. Qxf6+ Ke8 31. Qe6+ Kd8 32. Qd6+ Nd7
33. Ba5+ b6 34. Bb4 Rc8 35. Qd5 Rf6 36. Bd6 Rg6 37. h4 h5 38. Bf4 Rc5 39. Qa8+
Ke7 40. Qe4+ Kf7 41. b4 Rcc6 42. Qd5+ Ke7 43. Qxh5 Nf8 44. Qe5+ Kf7 45. h5 Rge6
46. Qf5+ Kg8 47. Be5 a6 48. Bd4 Rcd6 49. c3 Rd7 50. Qg4+ Kh7 51. Qf3 Kg8 52.
Qg2+ Kf7 53. Qf1+ Kg8 54. Qxa6 Rd5 55. Qb7 Rg5 56. Bxb6 Rxh5 57. Bd4 Rh7 58.
Qg2+ Kf7 59. Kb3 Nd7 60. Qb7 Ke8 61. Qc8+ Ke7 62. Bc5+ Kf6 63. Qd8+ Kf5 64. Bd4
Rd6 65. Qg8 Rhh6 66. Qf7+ Ke4 67. Qf2 Rhg6 68. Qe3+ Kf5 69. Qf3+ Ke6 70. Qe4+
Kf7 71. Be5 Rde6 72. Qf5+ Ke8 73. Bd4 Kd8 74. b5 Rd6 75. Bf2 Kc8 76. Qf3 Rdf6
77. Qa8+ Kc7 78. Qa7+ Kc8 79. Bh4 Rb6 80. c4 Rb7 81. Qd4 Rc7 82. Kb4 Rg2 83. Bf2
Nc5 84. Qh8+ Kb7 85. Bxc5 1-0

[Event "40th Olympiad Open"]
[Site "Istanbul TUR"]
[Date "2012.09.07"]
[Round "10.11"]
[White "Cheparinov, Ivan"]
[Black "Dzhumaev, Marat"]
[Result "1/2-1/2"]
[WhiteTitle "GM"]
[BlackTitle "GM"]
[WhiteElo "2681"]
[BlackElo "2499"]
[WhiteTeam "Bulgaria"]
[BlackTeam "Uzbekistan"]
[WhiteFideId "2905540"]
[BlackFideId "14200236"]
[EventDate "2012.08.28"]

1. e4 e5 2. Nf3 Nc6 3. Bb5 a6 4. Ba4 Nf6 5. O-O Be7 6. Re1 b5 7. Bb3 O-O 8. a4
b4 9. d3 d6 10. Nbd2 Rb8 11. c3 Na5 12. Ba2 c5 13. d4 bxc3 14. bxc3 cxd4 15.
cxd4 Nc6 16. Ba3 exd4 17. Nb3 Bg4 18. Nbxd4 Nxd4 19. Qxd4 Bxf3 20. gxf3 Nh5 21.
Rad1 Qc8 22. Qe3 Qc2 23. Rd2 Qxa4 24. e5 Rbe8 25. Bb3 Qf4 26. Qxf4 Nxf4 27. Ba4
d5 28. Bxe8 Bxa3 29. Rd4 g5 30. Bc6 Bc5 31. Rdd1 d4 32. h4 h6 33. hxg5 hxg5 34.
Kh2 Kg7 35. Kg3 Rh8 36. Rh1 Rxh1 37. Rxh1 d3 38. Be4 d2 39. Rd1 Bb4 40. Kg4 Ne6
41. f4 Nxf4 42. Kxg5 Nh3+ 43. Kf5 Nxf2 44. Rg1+ Kf8 45. Bc2 a5 46. Rf1 Bc5 47.
e6 fxe6+ 48. Kxe6 Kg7 49. Rg1+ Kh6 50. Kf5 Be3 51. Rg6+ Kh5 52. Rg3 Bc5 53. Rc3
Bb4 54. Rf3 Bc5 55. Rc3 Bb4 56. Rf3 Bc5 57. Rc3 1/2-1/2

[Event "40th Olympiad Open"]
[Site "Istanbul TUR"]
[Date "2012.09.07"]
[Round "10.11"]
[White "Kvon, Andrey"]
[Black "Delchev, Aleksander"]
[Result "1/2-1/2"]
[WhiteTitle "IM"]
[BlackTitle "GM"]
[WhiteElo "2492"]
[BlackElo "2596"]
[WhiteTeam "Uzbekistan"]
[BlackTeam "Bulgaria"]
[WhiteFideId "14201356"]
[BlackFideId "2900394"]
[EventDate "2012.08.28"]

1. d4 Nf6 2. c4 e6 3. Nc3 Bb4 4. Bg5 h6 5. Bh4 c5 6. d5 Bxc3+ 7. bxc3 d6 8. e3
Qe7 9. Nf3 Nbd7 10. Nd2 e5 11. Be2 Nf8 12. Qc2 g5 13. Bg3 Ng6 14. Bd3 Rg8 15.
O-O-O Nh5 16. Rde1 Bd7 17. f3 O-O-O 18. Bf2 Rdf8 19. g4 Ng7 20. Bxg6 fxg6 21.
Bg3 h5 22. h3 Ne8 23. Rhf1 Nf6 24. Kb2 Qd8 25. Ka1 Qa5 26. Rb1 Ba4 27. Qd3 Qc7
28. Rfe1 Kb8 29. Rb2 Ka8 30. Reb1 b6 31. Rg1 Re8 32. Rbb1 Qe7 33. e4 h4 34. Bf2
Rgf8 35. Be3 Nh7 36. Qf1 Rb8 37. Qc1 Rb7 38. Qb2 Rfb8 39. Rgc1 Qe8 40. Qa3 1/2-1/2

[Event "40th Olympiad Open"]
[Site "Istanbul TUR"]
[Date "2012.09.07"]
[Round "10.11"]
[White "Nikolov, Momchil"]
[Black "Khamrakulov, Djurabek"]
[Result "0-1"]
[WhiteTitle "GM"]
[BlackTitle "IM"]
[WhiteElo "2563"]
[BlackElo "2454"]
[WhiteTeam "Bulgaria"]
[BlackTeam "Uzbekistan"]
[WhiteFideId "2905710"]
[BlackFideId "14201143"]
[EventDate "2012.08.28"]

1. d4 Nf6 2. c4 e6 3. Nc3 Bb4 4. Qc2 O-O 5. a3 Bxc3+ 6. Qxc3 b6 7. Nf3 d6 8. g3
Bb7 9. Bg2 Nbd7 10. O-O Qe7 11. b4 a5 12. Bb2 axb4 13. axb4 Rxa1 14. Rxa1 Ra8
15. Rxa8+ Bxa8 16. Qa3 Qf8 17. b5 d5 18. Nd2 Bb7 19. Qa4 Qc8 20. cxd5 Bxd5 21.
e4 Bb7 22. f3 Ne8 23. Nc4 Nd6 24. Ba3 Nxc4 25. Qxc4 Nf6 26. Bf1 Ne8 27. Kf2 Nd6
28. Qb4 Qd8 29. Bd3 h5 30. Bc1 f5 31. Qb3 fxe4 32. Qxe6+ Kh8 33. Bb1 Nxb5 34.
Bb2 Nd6 35. d5 Qg5 36. f4 Qg4 37. Ke1 Qxe6 38. dxe6 Bd5 39. e7 Kg8 40. Ke2 Kf7
41. h3 g6 42. g4 hxg4 43. hxg4 Kxe7 44. Bh8 c5 45. Bc2 b5 46. Ke3 b4 47. Ba4
Nc4+ 48. Ke2 Be6 49. g5 Nb6 50. Bf6+ Kf7 51. Bc2 Bd5 52. Bd8 Nc8 53. Bc7 Ke6 54.
Ba4 Nd6 55. Bb6 b3 56. Bxc5 b2 57. Bc2 Ba2 0-1

[Event "40th Olympiad Open"]
[Site "Istanbul TUR"]
[Date "2012.09.07"]
[Round "10.12"]
[White "Tkachiev, Vladislav"]
[Black "Nevednichy, Vladislav"]
[Result "1-0"]
[WhiteTitle "GM"]
[BlackTitle "GM"]
[WhiteElo "2644"]
[BlackElo "2554"]
[WhiteTeam "France"]
[BlackTeam "Romania"]
[WhiteFideId "618438"]
[BlackFideId "1205730"]
[EventDate "2012.08.28"]

1. d4 Nf6 2. c4 g6 3. g3 Bg7 4. Bg2 O-O 5. Nc3 d6 6. Nf3 c6 7. O-O Qa5 8. e4 e5
9. h3 Nbd7 10. Be3 Nb6 11. Nd2 exd4 12. Bxd4 Be6 13. Qf3 Nbd7 14. a3 a6 15. Rfd1
c5 16. Be3 b5 17. cxb5 axb5 18. a4 b4 19. Nb5 c4 20. Bd4 Ra6 21. Qe2 Rc8 22.
Rdc1 c3 23. bxc3 b3 24. Rcb1 Nc5 25. Bxc5 Rxc5 26. Nxb3 Bxb3 27. Rxb3 Nd7 28.
Qd1 Be5 29. Raa3 Rc8 30. f4 Bg7 31. Kh2 Bf8 32. Ra2 Nc5 33. Rb4 Ne6 34. Rbb2 Nc5
35. Rd2 Qb6 36. c4 Re8 37. Rd4 h5 38. h4 Ne6 39. Rd5 Nc5 40. Rd4 Ne6 41. Rdd2
Nc5 42. Re2 Rd8 43. Reb2 Re8 44. a5 Qd8 45. e5 dxe5 46. Qxd8 Rxd8 47. fxe5 Bg7
48. Re2 Rd7 49. Bd5 Re7 50. Nd6 Kf8 51. Rf2 Nd3 52. Rxf7+ Rxf7 53. Nxf7 Nb4 54.
Rf2 Ke7 55. Be4 Rxa5 56. Bxg6 Rc5 57. Ng5 1-0

[Event "40th Olympiad Open"]
[Site "Istanbul TUR"]
[Date "2012.09.07"]
[Round "10.13"]
[White "Illescas Cordoba, Miguel"]
[Black "Banikas, Hristos"]
[Result "1/2-1/2"]
[WhiteTitle "GM"]
[BlackTitle "GM"]
[WhiteElo "2601"]
[BlackElo "2623"]
[WhiteTeam "Spain"]
[BlackTeam "Greece"]
[WhiteFideId "2200015"]
[BlackFideId "4202031"]
[EventDate "2012.08.28"]

1. d4 Nf6 2. c4 e6 3. Nc3 Bb4 4. e3 O-O 5. Bd3 d5 6. Nf3 c5 7. O-O dxc4 8. Bxc4
Nbd7 9. a3 cxd4 10. axb4 dxc3 11. bxc3 Qc7 12. Be2 Qxc3 13. Rb1 Qc7 14. Bb2 b6
15. Rc1 Qb8 16. Bb5 a6 17. Bxd7 Nxd7 18. Nd4 Ne5 19. f4 Ng6 20. Nc6 Qc7 21. Qh5
Bb7 22. Rf3 Bxc6 23. Rh3 h6 24. Bxg7 Kxg7 25. Qxh6+ Kf6 26. Qg5+ Kg7 27. Qh6+
Kf6 28. Qg5+ Kg7 29. Ra1 1/2-1/2

[Event "40th Olympiad Open"]
[Site "Istanbul TUR"]
[Date "2012.09.07"]
[Round "10.14"]
[White "Palac, Mladen"]
[Black "Beliavsky, Alexander G"]
[Result "1/2-1/2"]
[WhiteTitle "GM"]
[BlackTitle "GM"]
[WhiteElo "2599"]
[BlackElo "2609"]
[WhiteTeam "Croatia"]
[BlackTeam "Slovenia"]
[WhiteFideId "14500116"]
[BlackFideId "14602377"]
[EventDate "2012.08.28"]

1. e4 e5 2. Nf3 Nc6 3. Bb5 a6 4. Ba4 Nf6 5. O-O Be7 6. d3 d6 7. c3 O-O 8. Re1
Nd7 9. Nbd2 Nb6 10. Bb3 a5 11. h3 a4 12. Bc2 f5 13. Nc4 Nxc4 14. dxc4 Qe8 15.
exf5 Bxf5 16. Be3 Qg6 17. Bxf5 Qxf5 18. Nd2 Rf7 19. b4 e4 20. Qb1 Ne5 21. Bd4
Bh4 22. Nxe4 Nxc4 23. Re2 Raf8 24. Qd3 b5 25. Rd1 Qg6 26. Kh1 Re7 27. Rde1 Rfe8
28. Qf3 Ne5 29. Bxe5 Rxe5 30. g3 Bd8 31. g4 Bh4 32. Kg2 h5 33. Ng3 hxg4 34. hxg4
Bxg3 35. Kxg3 Rf8 36. Qg2 Rg5 37. Qe4 Rgf5 38. f4 R5f6 39. Qxg6 Rxg6 40. g5 d5
41. Re6 Rxe6 42. Rxe6 Rd8 43. Rc6 d4 44. cxd4 Rxd4 45. Rxc7 g6 46. a3 Rd3+ 47.
Kg2 Rxa3 1/2-1/2

[Event "40th Olympiad Open"]
[Site "Istanbul TUR"]
[Date "2012.09.07"]
[Round "10.14"]
[White "Kozul, Zdenko"]
[Black "Skoberne, Jure"]
[Result "1/2-1/2"]
[WhiteTitle "GM"]
[BlackTitle "GM"]
[WhiteElo "2616"]
[BlackElo "2552"]
[WhiteTeam "Croatia"]
[BlackTeam "Slovenia"]
[WhiteFideId "14502879"]
[BlackFideId "14604299"]
[EventDate "2012.08.28"]

1. d4 d5 2. c4 c6 3. e3 Nf6 4. Nc3 g6 5. Nf3 Bg7 6. Be2 O-O 7. O-O dxc4 8. Bxc4
Bg4 9. Be2 Nbd7 10. e4 Bxf3 11. Bxf3 e5 12. d5 Qe7 13. dxc6 bxc6 14. Qa4 Rfc8
15. Be3 Nc5 16. Qa3 Bf8 17. Rfd1 Ne6 18. Qxe7 Bxe7 19. Na4 c5 20. Rac1 Nd4 21.
b3 h5 22. Kf1 Ng4 23. Bxg4 hxg4 24. g3 f5 25. Rc4 Kf7 26. Rdc1 Nf3 27. Kg2 Rh8
28. h4 Bxh4 29. exf5 gxf5 30. gxh4 Rxh4 31. Nxc5 Rh2+ 32. Kf1 f4 33. Bxf4 exf4
34. Rxf4+ Kg6 35. Ke2 Re8+ 36. Re4 Re5 37. Rxe5 Nxe5 38. Ne4 g3 39. Rg1 g2 40.
Nd2 Kf5 41. Nf3 Rh1 42. Rxg2 Nxf3 43. Kxf3 Ra1 44. Rg4 Rxa2 45. Ra4 Rb2 46. Ra3
Ke6 47. Ke3 a5 48. f4 Rh2 49. Kd4 Rh4 50. Rxa5 Rxf4+ 51. Kc5 Kd7 52. Kb6 Kc8 53.
Ra8+ Kd7 54. Ra7+ Kc8 55. Rh7 Rb4+ 1/2-1/2

[Event "40th Olympiad Open"]
[Site "Istanbul TUR"]
[Date "2012.09.07"]
[Round "10.15"]
[White "Iordachescu, Viorel"]
[Black "Prasca Sosa, Rafael"]
[Result "0-1"]
[WhiteTitle "GM"]
[BlackTitle "IM"]
[WhiteElo "2645"]
[BlackElo "2415"]
[WhiteTeam "Moldova"]
[BlackTeam "Venezuela"]
[WhiteFideId "13900200"]
[BlackFideId "3900819"]
[EventDate "2012.08.28"]

1. e4 e6 2. d4 d5 3. Nc3 Bb4 4. e5 b6 5. Bd2 Bf8 6. Nce2 a5 7. Nf4 Ba6 8. Bxa6
Nxa6 9. Nf3 h6 10. O-O Ne7 11. Rc1 Qd7 12. Qe2 g6 13. b3 Bg7 14. c4 O-O 15. Rfd1
Rfd8 16. h3 Qe8 17. Be3 dxc4 18. bxc4 Nf5 19. g4 Nxe3 20. fxe3 c5 21. Rb1 Rab8
22. h4 Nc7 23. g5 h5 24. Rbc1 Qc6 25. Kf2 Bf8 26. Qc2 cxd4 27. exd4 Qe8 28. a4
Na6 29. Kg3 Rbc8 30. Qb3 Nb4 31. Nh3 Qc6 32. Nf2 Rc7 33. Kf4 Be7 34. Ne4 Rcd7
35. Ke3 Qc7 36. Ke2 Nc6 37. d5 Nxe5 38. d6 Rxd6 39. Nxd6 Rxd6 40. Rxd6 Bxd6 41.
Nxe5 Bxe5 42. Qf3 Bb2 43. Rc2 Bg7 44. Kf1 Qd7 45. Rf2 Bd4 46. Ra2 e5 47. Ke2 Qe6
48. Kd3 Qf5+ 49. Ke2 Qb1 50. Rd2 Qb4 51. Qa8+ Kg7 52. Qc6 Qb3 53. Qf6+ Kg8 54.
Qd8+ Kg7 55. Rxd4 exd4 56. Qxd4+ Kg8 57. Qd8+ Kh7 58. Qd5 Qb2+ 59. Kf3 Kg7 60.
Qd3 Qa1 61. Qb3 Qh1+ 62. Ke2 Qxh4 63. Qc3+ Kg8 64. c5 Qh2+ 65. Kf1 Qf4+ 66. Ke2
Qe4+ 0-1

[Event "40th Olympiad Open"]
[Site "Istanbul TUR"]
[Date "2012.09.07"]
[Round "10.15"]
[White "Ynojosa, Felix Jose"]
[Black "Svetushkin, Dmitry"]
[Result "0-1"]
[WhiteTitle "FM"]
[BlackTitle "GM"]
[WhiteElo "2374"]
[BlackElo "2569"]
[WhiteTeam "Venezuela"]
[BlackTeam "Moldova"]
[WhiteFideId "3900258"]
[BlackFideId "13900463"]
[EventDate "2012.08.28"]

1. e4 e5 2. Nf3 Nc6 3. Bc4 Bc5 4. Nc3 Nf6 5. d3 d6 6. Bg5 h6 7. Bxf6 Qxf6 8. Nd5
Qd8 9. c3 Ne7 10. d4 Nxd5 11. Bxd5 exd4 12. Nxd4 O-O 13. O-O c6 14. Bb3 Qf6 15.
Qd3 Bd7 16. Bc2 g6 17. f4 Rae8 18. Kh1 Re7 19. Ne2 Rfe8 20. Ng3 a5 21. a3 d5 22.
e5 Qg7 23. c4 Be6 24. cxd5 Bxd5 25. Bb3 Rd7 26. Bxd5 Rxd5 27. Qb3 f5 28. exf6
Qxf6 29. Qxb7 Rd2 30. Rae1 Rxe1 31. Rxe1 Qe6 32. Rf1 Qd5 33. Qc8+ Kg7 34. Rf3
Rd1+ 35. Rf1 h5 36. Qc7+ Kh6 37. Qe5 Qxe5 38. fxe5 Rxf1+ 39. Nxf1 a4 40. Nd2 Bd4
41. Nc4 Kg5 42. g3 Kf5 43. Kg2 g5 44. Kf3 g4+ 45. Ke2 Bg1 46. Kf1 Bc5 47. Ke2
Ke6 48. Kd3 Kd5 49. Na5 Bg1 50. e6 Kxe6 51. Nxc6 Kd5 52. Ne7+ Kc5 53. Nf5 Bxh2
54. Kc3 Kd5 55. b4 Ke4 56. Nd6+ Ke5 57. Nc4+ 0-1